000 00521nam a2200181Ia 4500
003 GCL
008 140319s9999 xx 000 0 ara d
040 _aGCL /
_cGCL
082 0 4 _a224.2
_bع ب
100 1 _aعفت الشرقاوى
245 1 0 _aبلاغة العطف فى القران الكريم دراسة اسلوبية /
_cعفت الشرقاوى
300 _a247 ص
490 _a
650 0 4 _aالقران - بلاغة
650 0 4 _aالقران - اعراب
650 0 4 _aالقران
942 _2ddc
_cBK
999 _c46008
_d46008